000 00614nam a2200193 a 4500
001 000044633
003 OSt
005 20250408113911.0
008 140205s2013 dr a r 000 0 spa d
020 _a9789945475869
040 _aDO-SdBNP
_bspa
_cBNPHU
245 0 0 _aColoquios 2013 /
_ccoordinador Basilio Belliard, Leonardo Díaz...[et.al].
260 _aSanto Domingo :
_bDirección Nacional de la Feria del Libro,
_c2013.
300 _a199 p. :
_bil. ;
_c23 cm.
590 _aInventariado, 2019/BT
700 1 2 _aBelliard, Basilio,
_d1966-
_ecoor.
_923510
700 1 2 _aDíaz, Leonardo
_971379
942 _2ddc
_cLBS1
999 _c44122
_d44122